Η δικαιοσύνη παρ' ημίν
Αποθηκεύτηκε σε:
| Κύριος συγγραφέας: | |
|---|---|
| Μορφή: | Βιβλίο |
| Γλώσσα: | Greek |
| Δημοσίευση: |
Εν Αθήναις :
Εκ του τυπογραφείου Παρασκευά Λεώνη,
1897
|
| Θέματα: | |
| Ετικέτες: |
Προσθήκη ετικέτας
Δεν υπάρχουν, Καταχωρήστε ετικέτα πρώτοι!
|
MARC
| LEADER | 00000cam a2200000 i 4500 | ||
|---|---|---|---|
| 001 | 1/61869 | ||
| 008 | 141215s1897 gre d | ||
| 035 | |l 10120128 | ||
| 040 | |a GR-MY-UA |b gre |e aacr | ||
| 041 | 0 | |a gre | |
| 082 | 0 | |a 347 |2 (23) | |
| 100 | 1 | |a Παπαφράγκος, Στάμος Α., |d 1872-1942. | |
| 245 | 1 | 2 | |a Η δικαιοσύνη παρ' ημίν / |c υπό Στάμου Αθ. Παπαφράγκου |
| 260 | |a Εν Αθήναις : |b Εκ του τυπογραφείου Παρασκευά Λεώνη, |c 1897 | ||
| 300 | |a 82 [1] σ.; |c 23 εκ. | ||
| 500 | |a "Άρθρα δημοσιευθέντα εν τη "Εφημερίδι" κατά Σεπτέμβριον και Οκτώβριον 1897."-- σ. τ. Στο verso ετικέτα "Τη Πορφυριάδι Σολή, ο Διευθυντής και οι Καθηγηταί 1897-1898". Στο recto σφραγίδα "Πορφυριάς Αστική Σχολή Καρλοβασίων" με αρ.2037. | ||
| 650 | 0 | 0 | |a Civil procedure |z Greece. |
| 650 | 0 | 0 | |a Justice, Administration of |z Greece. |
| 650 | 0 | 0 | |a Administrative courts |z Greece. |
| 852 | |a INST |b SAMOS |c PORFYRIADA |e 20141215 |h 347 ΠΑΠ |p 005300040985 |q 005300040985 |t NOLOAN |y 23 | ||
| 901 | |a BIBL3-2014-3 | ||
| 909 | |a Σ |b 185598 | ||
| 970 | |a ΚΟΣΙΕΡΗΣ |b ΧΡΗΣΤΟΣ |z 2014/12/15 | ||